[Event "EUYCC 2022 - U8"]
[Site "?"]
[Date "2022.08.23"]
[Round "2.7"]
[White "Malcheva, Niya"]
[Black "Koutecky, Vaclav"]
[Result "1-0"]
[WhiteElo "1116"]
[BlackElo "1068"]
[PlyCount "97"]
[EventDate "2022.??.??"]

1. e4 e5 2. Nf3 Nc6 3. Bc4 Nf6 4. d3 Bc5 5. Nc3 O-O 6. O-O h6 7. Bd2 d6 8. h3
Be6 9. Bb3 Qd7 10. Bxe6 fxe6 11. Ne2 d5 12. Ng3 Qf7 13. Qe2 Nh5 14. Nxh5 Qxh5
15. Be3 d4 16. Bd2 Rf6 17. Rae1 Rg6 18. Kh1 Rf8 19. Nh2 Qh4 20. f3 Be7 21. Qf2
Bg5 22. Qxh4 Bxh4 23. Rc1 Bg5 24. Bxg5 Rxg5 25. c3 Rf6 26. f4 exf4 27. cxd4
Nxd4 28. Rxc7 Rfg6 29. Ng4 h5 30. Nh2 Ne2 31. Rf2 Nd4 32. Rxb7 e5 33. Rxa7 Rc6
34. a4 Rc1+ 35. Nf1 Ra1 36. a5 Rg6 37. Kg1 f3 38. Kh2 Rf6 39. Nd2 fxg2 40. Rxg2
Rf7 41. Ra8+ Rf8 42. Rxf8+ Kxf8 43. Nc4 Nf3+ 44. Kg3 Nd4 45. Kh4 Ne6 46. b4 Rb1
47. Ra2 Rxb4 48. a6 Rb8 49. a7 1-0

[Event "EUYCC 2022 - U10"]
[Site "?"]
[Date "2022.08.23"]
[Round "2.1"]
[White "Peglau, Paul David"]
[Black "Beniosev, Daniel"]
[Result "0-1"]
[WhiteElo "1635"]
[BlackElo "1403"]
[PlyCount "98"]
[EventDate "2022.??.??"]

1. d4 Nf6 2. c4 g6 3. f3 Bg7 4. e4 c5 5. d5 d6 6. Nc3 O-O 7. Be3 a6 8. Be2 Nbd7
9. Nh3 Rb8 10. a4 Ne5 11. Nf2 Qb6 12. Qd2 Qb4 13. a5 Nxc4 14. Bxc4 Qxc4 15. Ra4
Qb3 16. Ra3 Qc4 17. Ra4 Qb3 18. Ra3 Qc4 19. Nd3 Ne8 20. O-O Bxc3 21. Rxc3 Qb5
22. Rc2 Ng7 23. f4 f5 24. e5 b6 25. axb6 Qxb6 26. Rf3 Bb7 27. Rh3 Qb5 28. Ne1
a5 29. Nf3 Ba6 30. Qf2 Qd3 31. Rc1 Qxd5 32. Ng5 Nh5 33. Nf3 Rb3 34. Ng5 Rfb8
35. Rxh5 gxh5 36. Qg3 Rxe3 37. Qxe3 Rxb2 38. Qg3 h4 39. Qf3 Qxf3 40. Nxf3 c4
41. Nxh4 dxe5 42. Nxf5 exf4 43. Nxe7+ Kf7 44. Nd5 a4 45. Nc3 a3 46. Ra1 Rb3 47.
Rc1 Bb7 48. Ne2 a2 49. Nc3 Rxc3 0-1

[Event "EUYCC 2022 - U10"]
[Site "?"]
[Date "2022.08.23"]
[Round "2.2"]
[White "Zrust, Lukas"]
[Black "Hladky, Mikulas"]
[Result "1/2-1/2"]
[WhiteElo "1344"]
[BlackElo "1576"]
[PlyCount "45"]
[EventDate "2022.??.??"]

1. e4 e5 2. Nf3 Nc6 3. d4 exd4 4. Nxd4 Nf6 5. Nc3 Bb4 6. Nxc6 bxc6 7. Bd3 O-O
8. O-O d5 9. exd5 cxd5 10. Bf4 c6 11. h3 Bd6 12. Bxd6 Qxd6 13. Qf3 Rb8 14. b3
Be6 15. Qg3 Qxg3 16. fxg3 c5 17. Bf5 g6 18. Bxe6 fxe6 19. Rfe1 Rfe8 20. Re2 Kf7
21. Rf1 Ke7 22. Rfe1 Kd6 23. Rf1 1/2-1/2

[Event "EUYCC 2022 - U10"]
[Site "?"]
[Date "2022.08.23"]
[Round "2.3"]
[White "Zhang, Yibo"]
[Black "Janouskova, Eliska"]
[Result "1-0"]
[WhiteElo "1469"]
[BlackElo "1330"]
[PlyCount "51"]
[EventDate "2022.??.??"]

1. e4 c5 2. Nf3 e6 3. d4 cxd4 4. Nxd4 d6 5. c4 Nf6 6. Nc3 Be7 7. Be2 O-O 8. O-O
b6 9. f4 Nbd7 10. Nc6 Qe8 11. e5 dxe5 12. fxe5 Bc5+ 13. Kh1 Bb7 14. exf6 Nxf6
15. Ne5 Rd8 16. Qe1 Bd4 17. Bf3 Bxf3 18. Nxf3 Bc5 19. Bg5 Kh8 20. Bxf6 gxf6 21.
Ne4 Qe7 22. Qh4 f5 23. Nf6 h5 24. Qxh5+ Kg7 25. Qh7+ Kxf6 26. Qh6# 1-0

[Event "EUYCC 2022 - U10"]
[Site "?"]
[Date "2022.08.23"]
[Round "2.4"]
[White "Matejka, Simon"]
[Black "Policar, Martin"]
[Result "1-0"]
[WhiteElo "1285"]
[BlackElo "1461"]
[PlyCount "57"]
[EventDate "2022.??.??"]

1. d4 d5 2. Nf3 Bg4 3. Ne5 Bf5 4. e3 c5 5. g4 Bg6 6. Bb5+ Nc6 7. Nxc6 Qb6 8.
Nxe7+ Qxb5 9. Nxg6 hxg6 10. Nc3 Qc4 11. Qd3 Qxd3 12. cxd3 cxd4 13. Nb5 Bb4+ 14.
Ke2 O-O-O 15. Nxd4 Bc5 16. Nb3 Bb6 17. a4 a6 18. d4 Nf6 19. f3 g5 20. Bd2 Rh3
21. Be1 Re8 22. Bg3 Kd7 23. Rac1 Rhh8 24. a5 Bd8 25. Nc5+ Ke7 26. Nxb7 Kf8 27.
Rc6 Nd7 28. Rxa6 Bf6 29. Nd6 1-0

[Event "EUYCC 2022 - U10"]
[Site "?"]
[Date "2022.08.23"]
[Round "2.6"]
[White "Prochazka, Michal"]
[Black "Broz, Pavel"]
[Result "1/2-1/2"]
[WhiteElo "1318"]
[BlackElo "1066"]
[PlyCount "40"]
[EventDate "2022.??.??"]

1. e4 e5 2. Bc4 Nf6 3. d3 Bc5 4. Nc3 Nc6 5. f4 d6 6. fxe5 dxe5 7. Bg5 Qd4 8.
Qd2 Ng4 9. Bh4 Qe3+ 10. Qxe3 Nxe3 11. Kd2 Nxg2 12. Bg3 Bg4 13. Nd5 O-O-O 14.
Rf1 f6 15. h3 Bd7 16. Rh2 Bxg1 17. Rxg1 Nd4 18. Rgxg2 Nf3+ 19. Ke2 Nxh2 20.
Rxh2 c6 1/2-1/2

[Event "EUYCC 2022 - U10"]
[Site "?"]
[Date "2022.08.23"]
[Round "2.7"]
[White "Koutecka, Magdalena"]
[Black "Kusova, Nikola"]
[Result "0-1"]
[WhiteElo "1042"]
[BlackElo "1224"]
[PlyCount "40"]
[EventDate "2022.??.??"]

1. d4 d5 2. e4 dxe4 3. Nc3 Nf6 4. Bg5 Nc6 5. Bb5 Bf5 6. f3 exf3 7. Nxf3 e6 8.
Qe2 Bd6 9. O-O-O O-O 10. d5 Nb4 11. Rhe1 Nxc2 12. Rf1 Nb4 13. Qf2 a6 14. Be2
Qe7 15. Qh4 h6 16. Bxf6 Qxf6 17. Qh5 Bf4+ 18. Nd2 Bc2 19. Rde1 Bxd2+ 20. Kxd2
Qd4+ 0-1

[Event "EUYCC 2022 - U10"]
[Site "?"]
[Date "2022.08.23"]
[Round "2.8"]
[White "Novotny, Adam"]
[Black "Stricova, Julia Nela"]
[Result "1-0"]
[WhiteElo "1113"]
[BlackElo "1040"]
[PlyCount "45"]
[EventDate "2022.??.??"]

1. e4 e5 2. Nf3 Nc6 3. Bc4 Bc5 4. c3 d6 5. d4 Bb6 6. dxe5 dxe5 7. Qxd8+ Kxd8 8.
Bxf7 Nf6 9. Bg5 Bg4 10. Nbd2 Rf8 11. Bd5 Kd7 12. Bxc6+ Kxc6 13. Nxe5+ Kd6 14.
Bxf6 Rxf6 15. Nxg4 Rf7 16. Nc4+ Kc6 17. Nge5+ Kc5 18. Nxb6 Kxb6 19. Nxf7 Rf8
20. Ng5 h6 21. Nf3 Re8 22. e5 Kc6 23. O-O-O 1-0

[Event "EUYCC 2022 - U14"]
[Site "?"]
[Date "2022.08.23"]
[Round "2.1"]
[White "Fizer, Marek"]
[Black "Orfila, Kristofer"]
[Result "1-0"]
[WhiteElo "1998"]
[BlackElo "1723"]
[PlyCount "43"]
[EventDate "2022.??.??"]

1. e4 c5 2. Nf3 e6 3. d4 cxd4 4. Nxd4 Nc6 5. Nc3 Qc7 6. Be3 a6 7. g3 Nf6 8. Bg2
Be7 9. O-O O-O 10. a4 d6 11. h3 Bd7 12. Kh1 Nxd4 13. Qxd4 Bc6 14. f4 b5 15. a5
Qb7 16. b4 Rac8 17. Rae1 Ng4 18. hxg4 Bf6 19. Qd3 Bxc3 20. Qxc3 Bxe4 21. Qd2
Rxc2 22. Qxc2 1-0

[Event "EUYCC 2022 - U14"]
[Site "?"]
[Date "2022.08.23"]
[Round "2.2"]
[White "Sabarez, Iulian"]
[Black "Page, Noah"]
[Result "1-0"]
[WhiteElo "1702"]
[BlackElo "1992"]
[PlyCount "135"]
[EventDate "2022.??.??"]

1. e4 c5 2. Nf3 Nc6 3. d4 cxd4 4. Nxd4 e5 5. Nb5 d6 6. c4 Be7 7. Bd3 a6 8. N5c3
Bg5 9. Nd5 Bxc1 10. Qxc1 Nd4 11. Nbc3 Be6 12. O-O Rc8 13. Qd2 Ne7 14. Nxe7 Qxe7
15. Ne2 Nc6 16. Rfd1 O-O 17. b3 Rfd8 18. Qe3 Bg4 19. f3 Be6 20. Rd2 Qf6 21.
Rad1 Rc7 22. Bb1 Rcd7 23. Bd3 h5 24. Kh1 h4 25. Ng1 h3 26. g3 Nd4 27. Bf1 g6
28. Rd3 Kg7 29. Bxh3 Rh8 30. Bxe6 fxe6 31. Ne2 Kf8 32. Nxd4 exd4 33. Qxd4 e5
34. Qg1 Rdh7 35. R1d2 Rh3 36. Rg2 g5 37. Qb6 g4 38. Qxd6+ Qxd6 39. Rxd6 gxf3
40. Rf6+ Ke7 41. Rxf3 Rd8 42. Rf1 Rd4 43. Re2 b6 44. Kg2 Rh8 45. Rf3 a5 46. h4
a4 47. bxa4 Rxc4 48. Kh3 Rxa4 49. g4 Rd4 50. h5 Rd1 51. Kh4 Rg1 52. Rg3 Rh1+
53. Rh3 Rf1 54. Ree3 Rf4 55. Rhf3 Kf6 56. Rxf4+ exf4 57. Rf3 Ke5 58. g5 Kxe4
59. Kg4 Rf8 60. g6 Ke5 61. Kg5 Rf5+ 62. Kh6 Kf6 63. g7 Kf7 64. Rd3 f3 65. Rd7+
Ke6 66. g8=Q+ Kxd7 67. Qg4 Ke6 68. Kg6 1-0

[Event "EUYCC 2022 - U14"]
[Site "?"]
[Date "2022.08.23"]
[Round "2.3"]
[White "Desarmaux-Do, Yanis-Huy"]
[Black "Buchta, Bartolomej"]
[Result "1-0"]
[WhiteElo "1935"]
[BlackElo "1701"]
[PlyCount "67"]
[EventDate "2022.??.??"]

1. Nf3 c5 2. g3 g6 3. Bg2 Bg7 4. O-O Nc6 5. c4 d6 6. Nc3 Nf6 7. d3 O-O 8. a3
Ne8 9. Bd2 Nc7 10. Rb1 a5 11. Nd5 Nxd5 12. cxd5 Ne5 13. Nxe5 Bxe5 14. Bc3 Bg7
15. Bxg7 Kxg7 16. d4 b6 17. dxc5 bxc5 18. e4 e5 19. dxe6 fxe6 20. Qc2 e5 21.
Rfd1 Qe7 22. Qd2 Rd8 23. Rbc1 Be6 24. f4 Bb3 25. Rf1 Rf8 26. f5 gxf5 27. exf5
d5 28. Qe3 Rab8 29. Rxc5 Kh8 30. Bxd5 Ba4 31. Be6 Qd6 32. Rd5 Qc7 33. Rc1 Bc6
34. Rxc6 1-0

[Event "EUYCC 2022 - U14"]
[Site "?"]
[Date "2022.08.23"]
[Round "2.4"]
[White "Balazs, Sztella Anna"]
[Black "Brozynski, Patryk"]
[Result "0-1"]
[WhiteElo "1663"]
[BlackElo "1911"]
[PlyCount "66"]
[EventDate "2022.??.??"]

1. e4 c5 2. Nf3 e6 3. d4 cxd4 4. Nxd4 Nc6 5. Nc3 Qc7 6. Be3 a6 7. Bd3 b5 8. a3
Bb7 9. O-O Nf6 10. f4 Bc5 11. Nf5 Ne7 12. Nd4 Qb6 13. Nce2 Nxe4 14. b4 Bxd4 15.
Bxd4 Qc6 16. Rf3 Nf5 17. Bxe4 Qxe4 18. Bc5 d6 19. Bf2 Rc8 20. c3 O-O 21. Ng3
Nxg3 22. Rxg3 Rxc3 23. Qd4 Rxg3 24. Qxe4 Bxe4 25. Bxg3 Rc8 26. Re1 d5 27. Bf2
Rc3 28. Re3 Rxe3 29. Bxe3 f6 30. Bd4 Kf7 31. Kf2 h5 32. h4 Kg6 33. g3 Kf5 0-1

[Event "EUYCC 2022 - U14"]
[Site "?"]
[Date "2022.08.23"]
[Round "2.5"]
[White "Paralieu, Emma"]
[Black "Mueller, Maximilian"]
[Result "1-0"]
[WhiteElo "1596"]
[BlackElo "1873"]
[PlyCount "31"]
[EventDate "2022.??.??"]

1. e4 e6 2. d4 b6 3. Nd2 Bb7 4. Bd3 f5 5. Ngf3 Ne7 6. Qe2 fxe4 7. Bxe4 Bxe4 8.
Nxe4 Nf5 9. d5 Bd6 10. Nxd6+ cxd6 11. dxe6 O-O 12. O-O dxe6 13. Qxe6+ Kh8 14.
Ng5 Qc7 15. Qd5 Qc6 16. Nf7+ 1-0

[Event "EUYCC 2022 - U14"]
[Site "?"]
[Date "2022.08.23"]
[Round "2.6"]
[White "Peglau, Charis"]
[Black "Lazniewska, Zofia"]
[Result "1-0"]
[WhiteElo "1837"]
[BlackElo "1545"]
[PlyCount "161"]
[EventDate "2022.??.??"]

1. c4 e6 2. Nf3 d5 3. g3 Nf6 4. Bg2 c6 5. b3 Nbd7 6. Bb2 Be7 7. O-O O-O 8. d3
b6 9. Nbd2 Bb7 10. e4 dxe4 11. dxe4 Nc5 12. e5 Nfd7 13. Qc2 a5 14. a3 Qc7 15.
Rfe1 Rfd8 16. Rad1 Rac8 17. Ne4 Nxe4 18. Qxe4 Nc5 19. Qe3 Rxd1 20. Rxd1 Rd8 21.
Rxd8+ Qxd8 22. Nd4 Qd7 23. h3 h6 24. Kh2 b5 25. Qc3 a4 26. b4 Na6 27. c5 Nc7
28. Bc1 Nd5 29. Qd3 Bf8 30. Qe4 g6 31. f4 Bg7 32. g4 Nc3 33. Qe3 Nd5 34. Qd3
Qc7 35. Ne2 g5 36. Bxd5 cxd5 37. Qd4 Qe7 38. Ng3 f6 39. Bb2 fxe5 40. fxe5 Qf7
41. Qe3 Bc6 42. Bd4 Qg6 43. Nh5 Kf8 44. Nf6 Bxf6 45. exf6 Kf7 46. Kg3 Qe4 47.
Qxe4 dxe4 48. Kf2 Bd5 49. Ke3 Kg6 50. Be5 Kf7 51. Kf2 Kg6 52. Bd4 Kf7 53. Kg3
Kg6 54. h4 Kf7 55. h5 Bc6 56. Kf2 Bd5 57. Ke3 Bc6 58. Be5 Bd5 59. Kd2 Bc6 60.
Ke2 Bb7 61. Kf2 Bc6 62. Ke3 Bb7 63. Bc3 Bc6 64. Ba1 Bb7 65. Bb2 Bc6 66. Bc3 Bb7
67. Kd4 Kxf6 68. c6 e5+ 69. Kd5 Ba8 70. Bxe5+ Ke7 71. Kc5 e3 72. Bh2 e2 73. Bg3
Kd8 74. Kxb5 Kc8 75. Kb6 Kd8 76. b5 Kc8 77. Ka5 Kd8 78. Kxa4 Ke7 79. Kb4 Ke6
80. Kc5 Ke7 81. b6 1-0

[Event "EUYCC 2022 - U14"]
[Site "?"]
[Date "2022.08.23"]
[Round "2.7"]
[White "Mickunaite, Agne"]
[Black "Gollner, Martin"]
[Result "1-0"]
[WhiteElo "1527"]
[BlackElo "1771"]
[PlyCount "97"]
[EventDate "2022.??.??"]

1. e4 e6 2. d4 d5 3. e5 c5 4. c3 Nc6 5. Nf3 Qb6 6. Be2 Nge7 7. dxc5 Qc7 8. b4
Nxe5 9. Nd4 N7g6 10. Be3 Be7 11. Na3 O-O 12. O-O a6 13. Nac2 Nd7 14. a4 a5 15.
f4 e5 16. Nb5 Qc6 17. fxe5 Ndxe5 18. Ncd4 Qd7 19. Nf3 Qd8 20. Nxe5 Nxe5 21. Bf4
f6 22. Bf3 Be6 23. Re1 Nxf3+ 24. Qxf3 Bf7 25. Qe3 Re8 26. Nc7 Bf8 27. Nxe8 Bxe8
28. Qe6+ Bf7 29. Qg4 b6 30. c6 axb4 31. c7 Qc8 32. Qxc8 Rxc8 33. cxb4 Bxb4 34.
Rec1 d4 35. Rab1 Bc5 36. Kf1 Ba3 37. Rc6 Bc5 38. a5 Bd5 39. Rcxb6 Bxb6 40. axb6
Bb7 41. Rb4 d3 42. Ra4 g5 43. Bd2 Kf7 44. Ra7 Bc6 45. b7 Bxb7 46. Rxb7 Ke7 47.
Ke1 Kd7 48. Ba5 Ra8 49. Rb8 1-0

[Event "EUYCC 2022 - U14"]
[Site "?"]
[Date "2022.08.23"]
[Round "2.8"]
[White "Novomeska, Karin"]
[Black "Arshinkova, Boryana"]
[Result "1-0"]
[WhiteElo "1765"]
[BlackElo "1483"]
[PlyCount "73"]
[EventDate "2022.??.??"]

1. d4 f5 2. Bg5 g6 3. Nc3 Bg7 4. e4 d6 5. exf5 Bxf5 6. Nf3 Nf6 7. Bc4 Nbd7 8.
O-O Nb6 9. Bb3 Qd7 10. Re1 O-O-O 11. Nh4 Kb8 12. a4 h6 13. Bd2 d5 14. Qe2 e6
15. a5 Nc8 16. Ba4 c6 17. b4 a6 18. Bf4+ Ka8 19. b5 cxb5 20. Nxb5 axb5 21. Bxb5
Qe7 22. a6 b6 23. a7 Qb7 24. Ba6 Qc6 25. Bb5 Qb7 26. c4 Ne8 27. Nxf5 exf5 28.
cxd5 Qxd5 29. Rec1 Bxd4 30. Ra3 Bb2 31. Qxb2 Nxa7 32. Rd3 Qxd3 33. Bxd3 Rh7 34.
Qxb6 Rhd7 35. Ra1 Rc8 36. Rb1 Nc6 37. Bb5 1-0

[Event "EUYCC 2022 - U14"]
[Site "?"]
[Date "2022.08.23"]
[Round "2.9"]
[White "Paralieu, Maxime"]
[Black "Mikulinaite, Meta"]
[Result "1-0"]
[WhiteElo "1898"]
[BlackElo "1138"]
[PlyCount "67"]
[EventDate "2022.??.??"]

1. d4 d5 2. c4 c6 3. Nf3 Nf6 4. Nc3 e6 5. Bg5 Nbd7 6. e3 Be7 7. Qc2 h6 8. Bxf6
Nxf6 9. Rd1 b6 10. a3 a5 11. cxd5 exd5 12. Ne5 Bb7 13. Na4 Qc7 14. Rc1 Rc8 15.
Qb3 Bd8 16. Bb5 O-O 17. Bxc6 Bxc6 18. Rxc6 Qb7 19. Rxc8 Qxc8 20. O-O Qb7 21.
Rc1 Bc7 22. Nc6 Qa6 23. Ne7+ Kh8 24. Rxc7 Qe2 25. Rc1 Ne4 26. Qc2 Qh5 27. Nxb6
Qg5 28. Nbxd5 Nf6 29. Nxf6 Qxf6 30. Nd5 Qd6 31. Qc5 Qd8 32. b4 axb4 33. axb4
Re8 34. b5 1-0

[Event "EUYCC 2022 - U14"]
[Site "?"]
[Date "2022.08.23"]
[Round "2.10"]
[White "Janouskova, Adela"]
[Black "Grunert, Heinrich"]
[Result "1/2-1/2"]
[WhiteElo "1561"]
[BlackElo "1342"]
[PlyCount "84"]
[EventDate "2022.??.??"]

1. e4 e6 2. d4 d5 3. Nd2 c5 4. c3 Qb6 5. Ngf3 Nc6 6. exd5 exd5 7. Nb3 c4 8.
Nbd2 Qc7 9. Be2 Nf6 10. O-O Bd6 11. b3 b5 12. a4 b4 13. bxc4 bxc3 14. Nb1 Ne4
15. cxd5 Nb4 16. Bb5+ Kf8 17. Qe2 Bf5 18. Na3 Nxd5 19. Nc4 Nf4 20. Bxf4 Bxf4
21. Ne3 Bxe3 22. fxe3 Bg4 23. Qd3 Bf5 24. Qe2 Bg4 25. Qa2 Be6 26. Qa3+ Qd6 27.
Qxd6+ Nxd6 28. Ne5 Nxb5 29. axb5 f6 30. b6 Ke8 31. Nc6 Bc8 32. bxa7 Bb7 33. d5
Rf8 34. Rfb1 Rf7 35. Nb4 Rd7 36. e4 Ke7 37. Rc1 Rc7 38. Rc2 Rc4 39. Nd3 Rxe4
40. Rxc3 Bxd5 41. Nf2 Rc4 42. Rxc4 Bxc4 1/2-1/2

[Event "EUYCC 2022 - U14"]
[Site "?"]
[Date "2022.08.23"]
[Round "2.11"]
[White "Haapsal, Maria Ioanna"]
[Black "Dobsa, Emma"]
[Result "1-0"]
[WhiteElo "1334"]
[BlackElo "1526"]
[PlyCount "57"]
[EventDate "2022.??.??"]

1. e4 e5 2. Nf3 Nc6 3. Bb5 Nf6 4. O-O Nxe4 5. d4 Nd6 6. Bxc6 dxc6 7. dxe5 Nf5
8. Qxd8+ Kxd8 9. Nc3 Bd7 10. Rd1 Kc8 11. Ng5 Be8 12. g4 Nh4 13. e6 fxe6 14.
Nxe6 Bd7 15. Bg5 Nf3+ 16. Kg2 Nxg5 17. Nxg5 Bb4 18. Rd4 c5 19. Rf4 Bxc3 20.
bxc3 Bc6+ 21. Kg3 b6 22. Rf7 h6 23. Ne6 Bd5 24. Rxc7+ Kb8 25. Re7 Bxe6 26. Rxe6
g5 27. Re7 Rd8 28. Rae1 Rd2 29. Re8+ 1-0

[Event "EUYCC 2022 - U14"]
[Site "?"]
[Date "2022.08.23"]
[Round "2.12"]
[White "Skutil, Frantisek Elias"]
[Black "Stary, Simon"]
[Result "1-0"]
[WhiteElo "1514"]
[BlackElo "1309"]
[PlyCount "49"]
[EventDate "2022.??.??"]

1. e4 c5 2. Nf3 Nc6 3. d4 cxd4 4. Nxd4 Nf6 5. Nc3 d6 6. Be2 e6 7. O-O Be7 8.
Be3 O-O 9. Qd2 Bd7 10. Rad1 a6 11. a3 b5 12. Nxc6 Bxc6 13. Bf3 Qb8 14. e5 Bxf3
15. exf6 Bxd1 16. fxe7 Re8 17. Rxd1 d5 18. Bc5 Qc7 19. b4 Rac8 20. Ne2 Qd7 21.
Qe3 f6 22. Nf4 Kf7 23. Rd2 g5 24. Qh3 Rh8 25. Rxd5 1-0

[Event "EUYCC 2022 - U14"]
[Site "?"]
[Date "2022.08.23"]
[Round "2.13"]
[White "Krasilnikova, Marija"]
[Black "Sigut, Ondrej"]
[Result "1/2-1/2"]
[WhiteElo "1271"]
[BlackElo "1495"]
[PlyCount "42"]
[EventDate "2022.??.??"]

1. e4 c5 2. Nf3 Nc6 3. Bb5 g6 4. O-O Bg7 5. Re1 d6 6. e5 d5 7. Bxc6+ bxc6 8. h3
Nh6 9. d3 Rb8 10. b3 O-O 11. Ba3 Qa5 12. c4 Rd8 13. Qd2 Qb6 14. Qe3 d4 15. Qe2
Bf5 16. Nbd2 Qa5 17. Bb2 Qc7 18. Ba3 Qa5 19. Bb2 Qb6 20. Nh4 Qb4 21. a4 a5
1/2-1/2

[Event "EUYCC 2022 - U14"]
[Site "?"]
[Date "2022.08.23"]
[Round "2.14"]
[White "Abitbol, Ethan"]
[Black "Sizov, Lev"]
[Result "1-0"]
[WhiteElo "1490"]
[BlackElo "1212"]
[PlyCount "33"]
[EventDate "2022.??.??"]

1. e4 c5 2. Nc3 d6 3. Bb5+ Bd7 4. Bxd7+ Nxd7 5. f4 e6 6. Nf3 Ngf6 7. O-O Be7 8.
d3 O-O 9. Qe1 h6 10. Qg3 Kh8 11. Qh3 h5 12. e5 dxe5 13. fxe5 Nh7 14. Qxh5 Rb8
15. Ne4 g6 16. Qh6 Rg8 17. Nfg5 1-0

[Event "EUYCC 2022 - U14"]
[Site "?"]
[Date "2022.08.23"]
[Round "2.15"]
[White "Barteckova, Denisa"]
[Black "Kuzmina, Oleksandra"]
[Result "1-0"]
[WhiteElo "1455"]
[BlackElo "1144"]
[PlyCount "79"]
[EventDate "2022.??.??"]

1. e4 d5 2. exd5 Qxd5 3. Nc3 Qd6 4. Nf3 Nf6 5. Bc4 a6 6. a4 b6 7. O-O Bb7 8. h3
e6 9. Re1 Be7 10. b3 O-O 11. Ba3 c5 12. Ne5 Nc6 13. Nxc6 Qxc6 14. f3 Rfd8 15.
Qe2 Bd6 16. Bb2 Nh5 17. Ne4 Bf4 18. g4 Ng3 19. Nxg3 Bxg3 20. Rf1 Qd6 21. Bd3 b5
22. Bc3 b4 23. Bb2 a5 24. Rad1 Bh4 25. Be5 Qb6 26. Kg2 Be7 27. Be4 Bxe4 28.
fxe4 Bd6 29. Bxd6 Qxd6 30. d3 Qc6 31. Rf3 f6 32. Rdf1 Rf8 33. Qf2 h6 34. h4 Rf7
35. g5 hxg5 36. hxg5 f5 37. Qh4 Kf8 38. g6 Rf6 39. Qh8+ Ke7 40. Qxg7+ 1-0

[Event "EUYCC 2022 - U14"]
[Site "?"]
[Date "2022.08.23"]
[Round "2.16"]
[White "Prokhorova, Arina"]
[Black "Dorazilova, Kristyna"]
[Result "1/2-1/2"]
[WhiteElo "1086"]
[BlackElo "1400"]
[PlyCount "46"]
[EventDate "2022.??.??"]

1. d4 d6 2. e4 Nf6 3. Bd3 Nbd7 4. Nf3 e5 5. c3 h6 6. O-O c6 7. Re1 Be7 8. h3
Qc7 9. Nh2 Nf8 10. Nd2 g5 11. Nc4 Ng6 12. Ne3 Nf4 13. Bc2 Rg8 14. Nf5 Bxf5 15.
exf5 O-O-O 16. Ng4 Nxg4 17. Qxg4 Kb8 18. Bxf4 gxf4 19. Qh5 Rdf8 20. Qxh6 Rh8
21. Qg7 Rhg8 22. Qh6 Rh8 23. Qg7 Rhg8 1/2-1/2

[Event "EUYCC 2022 - U8"]
[Site "?"]
[Date "2022.08.24"]
[Round "3.1"]
[White "Doan, Hoang Minh"]
[Black "Kovacs, Balazs"]
[Result "1-0"]
[WhiteElo "1115"]
[BlackElo "1463"]
[PlyCount "61"]
[EventDate "2022.??.??"]

1. e4 e5 2. Nf3 Nc6 3. Bc4 Bc5 4. O-O d6 5. d3 Nf6 6. c3 O-O 7. Re1 Ne7 8. Nbd2
Ng6 9. Nf1 Qe7 10. Ng3 Bg4 11. h3 Bh5 12. Bg5 Nf4 13. Bxf4 exf4 14. Nxh5 Nxh5
15. d4 Bb6 16. Qd2 Qf6 17. b4 c5 18. e5 dxe5 19. bxc5 Ba5 20. Nxe5 Rad8 21.
Rab1 Qg5 22. Nf3 Qf6 23. Rxb7 Rb8 24. Rxa7 Bd8 25. Bd3 g5 26. Ne5 Re8 27. Nd7
Rxe1+ 28. Qxe1 Qe6 29. Bxh7+ Kxh7 30. Nf8+ Kg8 31. Nxe6 1-0

[Event "EUYCC 2022 - U8"]
[Site "?"]
[Date "2022.08.24"]
[Round "3.2"]
[White "Prokhorov, Makar"]
[Black "Li, Yunqi"]
[Result "0-1"]
[WhiteElo "1289"]
[BlackElo "1282"]
[PlyCount "56"]
[EventDate "2022.??.??"]

1. e4 e6 2. d4 d5 3. Bd3 dxe4 4. Bxe4 Nf6 5. Bf3 Bd6 6. Ne2 Nbd7 7. O-O O-O 8.
Be3 e5 9. c3 e4 10. Bxe4 Nxe4 11. Qc2 Nef6 12. Nd2 Re8 13. Nc4 Nf8 14. Nxd6
Qxd6 15. Ng3 Ng6 16. Rfe1 h6 17. Rad1 Nh4 18. Bd2 Rxe1+ 19. Bxe1 Qd5 20. f3
Qxa2 21. Ne4 Nxe4 22. Qxe4 Ng6 23. Bg3 Qxb2 24. Qe8+ Kh7 25. Qxf7 Qxc3 26. Bxc7
Qe3+ 27. Kh1 Be6 28. Bf4 Qe2 0-1

[Event "EUYCC 2022 - U8"]
[Site "?"]
[Date "2022.08.24"]
[Round "3.4"]
[White "Zahariev, Velislav"]
[Black "Malcheva, Niya"]
[Result "1-0"]
[WhiteElo "1263"]
[BlackElo "1116"]
[PlyCount "77"]
[EventDate "2022.??.??"]

1. e4 e5 2. Nf3 d6 3. d4 exd4 4. Nxd4 Nf6 5. Nc3 Be7 6. Be2 c6 7. Be3 O-O 8.
O-O Re8 9. Qd2 Bf8 10. Bg5 h6 11. Bxf6 Qxf6 12. f4 Nd7 13. Rad1 Nc5 14. Bf3 Qd8
15. b4 Ne6 16. Nxe6 Bxe6 17. Kh1 Bc4 18. Rfe1 Qf6 19. Qd4 Qxd4 20. Rxd4 Ba6 21.
a4 b6 22. e5 Rac8 23. Rdd1 dxe5 24. b5 cxb5 25. axb5 Rxc3 26. bxa6 Rxc2 27.
fxe5 Ra2 28. Bb7 Ra5 29. Rd5 Bb4 30. Rxa5 Bxa5 31. Re2 Bc3 32. g3 Rxe5 33. Rc2
Rc5 34. Re2 Rc7 35. Re8+ Kh7 36. Ra8 b5 37. Rxa7 b4 38. Be4+ g6 39. Rxc7 1-0

[Event "EUYCC 2022 - U10"]
[Site "?"]
[Date "2022.08.24"]
[Round "3.1"]
[White "Beniosev, Daniel"]
[Black "Zhang, Yibo"]
[Result "1/2-1/2"]
[WhiteElo "1403"]
[BlackElo "1469"]
[PlyCount "29"]
[EventDate "2022.??.??"]

1. e4 e5 2. Bc4 Nf6 3. d4 exd4 4. Nf3 Nc6 5. e5 d5 6. Bb5 Ne4 7. Nxd4 Bc5 8. c3
O-O 9. Bxc6 bxc6 10. O-O f6 11. Be3 Qe8 12. exf6 Rxf6 13. Nd2 Qg6 14. Nxe4 dxe4
15. Kh1 1/2-1/2

[Event "EUYCC 2022 - U10"]
[Site "?"]
[Date "2022.08.24"]
[Round "3.2"]
[White "Tatar, Marius Lucian"]
[Black "Matejka, Simon"]
[Result "0-1"]
[WhiteElo "1434"]
[BlackElo "1285"]
[PlyCount "106"]
[EventDate "2022.??.??"]

1. e4 e6 2. d4 d5 3. e5 c5 4. c3 Nc6 5. Nf3 Qb6 6. a3 c4 7. Nbd2 Na5 8. Be2 Bd7
9. O-O Nb3 10. Nxb3 Ba4 11. Be3 Bxb3 12. Qd2 Ne7 13. Bd1 Nf5 14. Bxb3 Qxb3 15.
Rac1 Be7 16. Qc2 Qxc2 17. Rxc2 Nxe3 18. fxe3 f5 19. Rb1 g5 20. g3 g4 21. Ne1 h5
22. Ng2 h4 23. gxh4 Bxh4 24. b3 b6 25. bxc4 dxc4 26. Rcb2 Be7 27. a4 Kd7 28.
Ra2 Kc6 29. a5 b5 30. e4 Bg5 31. exf5 exf5 32. Rf1 Raf8 33. Raf2 Bd8 34. Nf4
Bxa5 35. Ng6 Bxc3 36. Nxf8 Rxf8 37. Rxf5 Bxd4+ 38. Kg2 Rxf5 39. Rxf5 c3 40. Rf1
Bxe5 41. Re1 Kd5 42. Kf2 b4 43. Ke3 Kc4 44. Ke2 Bxh2 45. Kd1 g3 46. Re2 a5 47.
Kc2 b3+ 48. Kb1 a4 49. Rg2 a3 50. Re2 Kd3 51. Rg2 c2+ 52. Rxc2 bxc2+ 53. Ka2
c1=Q 0-1

[Event "EUYCC 2022 - U10"]
[Site "?"]
[Date "2022.08.24"]
[Round "3.3"]
[White "Hladky, Mikulas"]
[Black "Peglau, Paul David"]
[Result "0-1"]
[WhiteElo "1576"]
[BlackElo "1635"]
[PlyCount "62"]
[EventDate "2022.??.??"]

1. e4 e5 2. Nf3 Nc6 3. Bc4 Bc5 4. Nc3 d6 5. h3 Nf6 6. d3 h6 7. Be3 Bb6 8. O-O
O-O 9. a3 Be6 10. Bxb6 axb6 11. Bxe6 fxe6 12. d4 exd4 13. Nxd4 Qe7 14. Nb3 Rf7
15. Qe2 Raf8 16. f4 Nd7 17. Qd2 Qh4 18. Kh2 Rxf4 19. g3 Rxf1 20. Rxf1 Qe7 21.
Rxf8+ Qxf8 22. Qf4 e5 23. Qg4 Qf2+ 24. Kh1 Qf1+ 25. Kh2 Qf2+ 26. Kh1 Nf6 27.
Qc8+ Kh7 28. Qf5+ Qxf5 29. exf5 Ne7 30. g4 h5 31. g5 Ne8 0-1

[Event "EUYCC 2022 - U10"]
[Site "?"]
[Date "2022.08.24"]
[Round "3.4"]
[White "Policar, Martin"]
[Black "Zrust, Lukas"]
[Result "1/2-1/2"]
[WhiteElo "1461"]
[BlackElo "1344"]
[PlyCount "35"]
[EventDate "2022.??.??"]

1. e4 c5 2. Be2 Nc6 3. d3 d6 4. f4 g6 5. Nf3 Bg7 6. O-O Nf6 7. Kh1 Bd7 8. c3
Qc7 9. Be3 Ng4 10. Bg1 Nf6 11. Nbd2 Bg4 12. Rc1 Qd7 13. d4 Bxf3 14. Bxf3 b6 15.
e5 dxe5 16. fxe5 Nd5 17. Qb3 e6 18. c4 1/2-1/2